000 01080nam a22002415i 4500
001 152872
003 ES-MaACL
005 20250905165453.0
008 051019s1820 fr | |||||||| ||fre d
040 _aCAM
_bspa
_cCAM
100 1 _aBurlamaqui, Jean-Jacques.
_9126242
245 1 0 _aElémens du droit naturel /
_cpar Burlamaqui. Et devoirs de l'homme et du citoyen, tels qu'ils lui sont prescrits par la loi naturelle / traduits du latin de Pufendorf par Barbeyrac ; avec les notes du traducteur et le jugement de Leibnitz.
250 _aNouvelle éd.
260 _aParis :
_bchez Janet et Cotelle, libraires,
_c1820 (
_fde l'imprimerie de A. Belin)
300 _aXVI, 248, [2], 428 p. ;
_c19 cm.
650 7 _aDerecho natural
_2embne
_911744
650 7 _aFilosofía de la naturaleza
_2embne
_912839
700 1 _aBarbeyrac, Jean.
_9125802
700 1 _aPufendorf, Samuel,
_cFreiherr von,
_d1632-1694
_9131409
700 1 _aLeibniz, Gottfried Wilhelm
_c, Freiherr von.
_971367
852 _aES-MaACL
_jC-3859
_z-- Enc. hol. con puntas
999 _c152872
_d152872